000 00734nam a2200217Ii 4500
003 JO-AjNU
008 230605s9999||||xx |||||||||||||| ||und||
040 _aJO-AjNU
_bara
_erda
_cJO-AjNU
041 _aara
050 1 4 _aB945.D4.A38.1986
100 3 _aالاهواني، أحمد فؤاد,
_eauthor
_939321
245 0 0 _aجون ديوي
250 _aط2
264 3 1 _aالقاهرة:دار المعارف بمصر ، 1986
300 _a231ص
336 _atext
_btxt
_2rdacontent
337 _aunmediated
_bn
_2rdamedia
338 _avolume
_bnc
_2rdacarrier
490 0 _aسلسلة نوابغ الفكر الغربي 11
650 4 _aالفلاسفة الإنجليز -- تراجم -ديوي، جون، 1859-1952  
_939322
999 _aA16597
_c20165
_d20165